| 000 | 00826namaa2200289M 4500 | ||
|---|---|---|---|
| 999 |
_c111031 _d111031 |
||
| 003 | BJBSDDR | ||
| 005 | 20230411090022.0 | ||
| 007 | ta | ||
| 008 | 900725s1965 sp 000 0 spa d | ||
| 017 | _aM 6425-1965 | ||
| 035 | _a(OCoLC)ocn431324354 | ||
| 035 | _a(OCoLC)431324354 | ||
| 040 |
_aBNM _bspa _cBNM |
||
| 041 | _aspa | ||
| 049 | _aGRAL | ||
| 050 | 1 | 4 |
_aBX 1566.2 _bE77 1965 |
| 082 | 0 | 0 | _a335.3432 |
| 245 | 1 | 0 |
_aEspionaje soviético en la Iglesia católica: _bEl "affaire Pax" / _cPedro García Lorente. |
| 260 |
_a[Madrid] _bAfrodisio Aguad. _c[1965] |
||
| 300 |
_a294 p., 1 h. _c21 cm. |
||
| 490 | 0 | _aAspectos del Mundo Actual | |
| 610 | 2 | 0 | _aIglesia Católica. |
| 650 | 4 |
_aComunismo _93031 |
|
| 650 | 4 |
_aColección Font Bernard _9880 |
|
| 700 | 1 |
_aGarcía Lorente, Pedro. _920548 |
|
| 942 |
_2lcc _cBK |
||